| 000 | 00549cam a2200193ua 4500 | ||
|---|---|---|---|
| 001 | 1446 | ||
| 008 | 110713n ii |||gr||||Z||||||eng | ||
| 020 | _a0-7069-2245-X | ||
| 040 | _cMAIN | ||
| 082 | _a330.1556 | ||
| 100 | _aJoshi, J. M. | ||
| 245 | 1 |
_aTheory of value,distribution and welfare economics _cby J. M. Joshi |
|
| 250 | _a4th. | ||
| 260 |
_aNew Delhi: _bVikas Publication House pvt. ltd,983. |
||
| 300 |
_axii; 565p: _bill; _c23cm. |
||
| 653 | _aEconomics | ||
| 653 | _atheory of value, distribution and welfare economics | ||
| 942 | _cBK | ||
| 999 |
_c1336 _d1336 |
||